00796nam a22002297a 4500003000500000005001700005008004100022010001000063011001000073035001100083040000900094100002500103245011100128260004000239300003100279502007700310530003600387650002800423650002600451650002500477856006400502CHAP20220329143354.0090119s2008 mx a r 00010 spa d a95666 a96638 a107294 cCHAP1 aSolís Mata, Oscar.10aProducción de lechuga (Lactuca sativa L.) en sistéma de raíz flotante (SRF)c/por Oscar Solís Mata aChapingo, Méx. :bEl autor,c2008 aix, 65 h. :bilus., tablas aTesis (Ing. Agr. Esp. en Fitotecnia) -- UACH. Departamento de Fitotecnia aTambién disponible en línea14aLechugaxPropagación.14aLechugaxRendimiento.14aSistemas de cultivo. 3Finding aiduhttp://10.13.5.2/tesis/107294.pdfzTeclea aqui